[Event "Bangalore op 1st"]
[Site "Bangalore"]
[Date "2024.01.19"]
[Round "2"]
[White "Goutham Krishna, H."]
[Black "Short, Nigel D"]
[Result "0-1"]
[WhiteElo "2288"]
[BlackElo "2592"]
[PlyCount "152"]
[EventDate "2024.01.18"]
[EventType "swiss"]
[EventRounds "10"]
[EventCountry "IND"]
[SourceTitle "CB05_2024"]
[SourceDate "2024.01.31"]
[SourceVersion "1"]
[SourceVersionDate "2024.01.31"]
[SourceQuality "1"]

1. d4 d5 2. Nf3 Nf6 3. c4 c6 4. Nbd2 Bf5 5. Nh4 Be6 6. e3 g6 7. Bd3 Bg7 8. 0-0 dxc4 9. Nxc4 c5 10. Nf3 0-0 11. Qe2 Nc6 12. dxc5 Nd7 13. Ng5 Bd5 14. Rd1 Nxc5 15. Bc2 e6 16. Nf3 Nb4 17. Bb3 b5 18. Na3 Nxb3 19. axb3 Qe7 20. Nd2 a6 21. e4 Bb7 22. Nf3 Rfd8 23. Bg5 f6 24. Bd2 e5 25. Bc3 Bf8 26. Nc2 Nxc2 27. Qxc2 b4 28. Be1 Rac8 29. Qe2 Qc5 30. Rxd8 Rxd8 31. h3 Rc8 32. Ra4 Qb5 33. Qe3 Bc5 34. Qh6 Bxe4 35. Qh4 Bxf3 36. gxf3 Be7 37. Ra1 Qd3 38. Bxb4 Bxb4 39. Qxb4 Qxf3 40. Qd6 Rc2 41. Rf1 Kg7 42. Qxa6 Qxh3 43. Qb7+ Kh6 44. Qe4 Rxb2 45. b4 Kh5 46. Rb1 f5 47. Qe1 Qg4+ 48. Kh2 Re2 49. Qf1 Qh4+ 50. Kg1 Re4 51. Qd1+ Rg4+ 52. Kf1 Kh6 53. Qd2+ Rf4 54. Rb3 Qh1+ 55. Ke2 Qe4+ 56. Kd1 Qd4 57. Qxd4 Rxd4+ 58. Ke2 Kg5 59. b5 h5 60. b6 Rd8 61. b7 Rb8 62. Rb6 f4 63. f3 Kf5 64. Kf2 g5 65. Rb5 g4 66. Kg2 Ke6 67. Rb6+ Kd5 68. Rb5+ Kd4 69. Kf2 g3+ 70. Kg2 h4 71. Kh3 Kc4 72. Rxe5 Rxb7 73. Re4+ Kd3 74. Rxf4 Rg7 75. Kg2 h3+ 76. Kg1 Rc7 0-1

[Event "World-chT Rapid"]
[Site "Dusseldorf"]
[Date "2023.08.26"]
[Round "4.13"]
[White "Short, Nigel D"]
[Black "Roberson, Peter T"]
[Result "1/2-1/2"]
[WhiteElo "2592"]
[BlackElo "2433"]
[PlyCount "88"]
[EventDate "2023.08.26"]
[EventType "team-swiss (rapid)"]
[EventRounds "12"]
[EventCountry "GER"]
[SourceTitle "CBM 215 Extra"]
[Source "ChessBase"]
[SourceDate "2023.09.30"]
[SourceVersion "1"]
[SourceVersionDate "2023.09.30"]
[SourceQuality "1"]
[WhiteTeam "FIDE Management Board"]
[BlackTeam "The Sharks"]
[BlackTeamCountry "ENG"]

1. e4 e6 2. d4 d5 3. Nc3 Nf6 4. e5 Nfd7 5. Nce2 c5 6. c3 Nc6 7. f4 Be7 8. Nf3 0-0 9. h4 f6 10. Rh3 b5 11. a3 a5 12. Ng3 cxd4 13. cxd4 b4 14. Bd3 h6 15. Be3 bxa3 16. bxa3 Ba6 17. Ne2 Nb6 18. Bxa6 Rxa6 19. Qd3 Nc4 20. Nd2 fxe5 21. dxe5 Bxh4+ 22. g3 Be7 23. Rxh6 Rf5 24. Rxe6 Nxe3 25. Qxa6 Nc2+ 26. Kf1 Nxa1 27. Rxc6 Bf8 28. Rc1 Qe8 29. Rxa1 Qxe5 30. Rd1 Qe3 31. Qc8 Rh5 32. Qc3 Rh1+ 33. Kg2 Qxe2+ 34. Kxh1 Qxd1+ 35. Kg2 Qe2+ 36. Kh3 Qh5+ 37. Kg2 Qe2+ 38. Kh3 Qe6+ 39. Kg2 Bxa3 40. Qxa5 Qe2+ 41. Kh3 Qh5+ 42. Kg2 Qe2+ 43. Kh3 Qh5+ 44. Kg2 Qe2+ 1/2-1/2

[Event "Nagpur m1 Blitz"]
[Site "Nagpur"]
[Date "2023.06.06"]
[Round "7"]
[White "Short, Nigel D"]
[Black "Sadhwani, Raunak"]
[Result "0-1"]
[WhiteElo "2597"]
[BlackElo "2627"]
[PlyCount "70"]
[EventDate "2023.06.05"]
[EventType "match (blitz)"]
[EventRounds "8"]
[EventCountry "IND"]
[SourceTitle "CBM 214 Extra"]
[Source "ChessBase"]
[SourceDate "2023.07.31"]
[SourceVersion "1"]
[SourceVersionDate "2023.07.31"]
[SourceQuality "1"]

1. e4 c5 2. d3 Nc6 3. f4 g6 4. Nf3 Bg7 5. Be2 e6 6. 0-0 Nge7 7. a4 0-0 8. Kh1 d5 9. Qe1 Nd4 10. Nxd4 cxd4 11. Nd2 Bd7 12. e5 Rc8 13. Bd1 f6 14. exf6 Bxf6 15. Nf3 Nf5 16. Bd2 Qb6 17. b4 Ne3 18. Bxe3 dxe3 19. d4 Qc7 20. Qxe3 Qc3 21. Qxc3 Rxc3 22. Re1 Rfc8 23. b5 Kf8 24. g3 R8c4 25. Ne5 Bxe5 26. dxe5 Rb4 27. Kg1 Rcc4 28. a5 Bxb5 29. Ra2 Rc5 30. Kf2 Bc4 31. Ra3 d4 32. Be2 Rb2 33. Ra4 Rxc2 34. Rxc4 R5xc4 35. Kf3 R4c3+ 0-1

[Event "Nagpur m1 Blitz"]
[Site "Nagpur"]
[Date "2023.06.05"]
[Round "4"]
[White "Sadhwani, Raunak"]
[Black "Short, Nigel D"]
[Result "1-0"]
[WhiteElo "2627"]
[BlackElo "2597"]
[PlyCount "53"]
[EventDate "2023.06.05"]
[EventType "match (blitz)"]
[EventRounds "8"]
[EventCountry "IND"]
[SourceTitle "CBM 214 Extra"]
[Source "ChessBase"]
[SourceDate "2023.07.31"]
[SourceVersion "1"]
[SourceVersionDate "2023.07.31"]
[SourceQuality "1"]

1. d4 Nf6 2. c4 e6 3. Nf3 d5 4. g3 Bb4+ 5. Bd2 Be7 6. Bg2 0-0 7. 0-0 Nbd7 8. Qc2 c6 9. Rd1 a5 10. b3 Ne4 11. Be1 f5 12. Nc3 Qe8 13. a3 Qh5 14. e3 g5 15. Ne5 Nxe5 16. dxe5 Nxc3 17. Bxc3 f4 18. e4 dxc4 19. bxc4 f3 20. Bf1 c5 21. Rab1 Ra6 22. Rb5 b6 23. Rbb1 Rd8 24. h3 g4 25. Qa4 gxh3 26. Rxd8+ Bxd8 27. Qc6 1-0

[Event "Nagpur m1"]
[Site "Nagpur"]
[Date "2023.06.04"]
[Round "4"]
[White "Sadhwani, Raunak"]
[Black "Short, Nigel D"]
[Result "1/2-1/2"]
[WhiteElo "2627"]
[BlackElo "2597"]
[PlyCount "78"]
[EventDate "2023.06.01"]
[EventType "match"]
[EventRounds "4"]
[EventCountry "IND"]
[SourceTitle "CBM 214 Extra"]
[Source "ChessBase"]
[SourceDate "2023.07.31"]
[SourceVersion "1"]
[SourceVersionDate "2023.07.31"]
[SourceQuality "1"]

1. d4 Nf6 2. c4 e6 3. Nf3 d5 4. g3 dxc4 5. Bg2 Bd7 6. Ne5 Nc6 7. Nxc4 b5 8. Nca3 Rb8 9. 0-0 e5 10. dxe5 Nxe5 11. Qd4 Bd6 12. Qxa7 0-0 13. Nc2 Re8 14. Qd4 Bg4 15. Qd1 Bc5 16. b4 Bb6 17. Qxd8 Rbxd8 18. Nc3 Nc4 19. Bc6 Bxe2 20. Re1 Ne5 21. Rxe2 Nxc6 22. Rxe8+ Rxe8 23. Be3 Bxe3 24. Nxe3 Re5 25. a3 Nd4 26. Rd1 Ne6 27. h4 h6 28. Kg2 g5 29. h5 g4 30. Ncd5 Nxh5 31. Ne7+ Kf8 32. N7f5 Nf6 33. Nxh6 Rg5 34. Nhf5 Rh5 35. Rc1 Ke8 36. Rc6 Kd7 37. Ra6 Nd5 38. Nxd5 Rxf5 39. Ne3 Rg5 1/2-1/2

[Event "Chiang Mai op 20th"]
[Site "Chiangmai"]
[Date "2022.10.24"]
[Round "3"]
[White "Lim, Zhuo Ren"]
[Black "Short, Nigel D"]
[Result "1/2-1/2"]
[WhiteElo "2296"]
[BlackElo "2610"]
[PlyCount "171"]
[EventDate "2022.10.22"]
[EventType "swiss"]
[EventRounds "9"]
[EventCountry "THA"]
[SourceTitle "EXT 2024"]
[Source "ChessBase"]
[SourceDate "2023.10.10"]
[SourceVersion "1"]
[SourceVersionDate "2023.10.10"]
[SourceQuality "1"]

1. d4 Nf6 2. c4 e6 3. Nf3 d5 4. g3 dxc4 5. Bg2 Nbd7 6. 0-0 Rb8 7. a4 a6 8. a5 Bd6 9. Nbd2 b5 10. axb6 Nxb6 11. Qc2 0-0 12. Nxc4 Nxc4 13. Qxc4 Rb4 14. Qc2 Bb7 15. Bd2 Rb5 16. Ra5 Be4 17. Qc1 Qa8 18. Qa1 Rxa5 19. Qxa5 Rb8 20. Bc3 h6 21. Ra1 Rb6 22. Qa4 Nd5 23. Ne1 Bxg2 24. Nxg2 Bb4 25. Bxb4 Rxb4 26. Qxa6 Qxa6 27. Rxa6 Rxd4 28. f3 Rd2 29. Ra8+ Kh7 30. e4 Nb4 31. Nf4 Nc6 32. b4 Nxb4 33. Rc8 Rd7 34. h4 g6 35. h5 g5 36. Ne2 Nc6 37. f4 Kg7 38. Kf2 Ne7 39. Rb8 c6 40. Ra8 g4 41. Ke3 c5 42. Ra5 c4 43. Rc5 Rd3+ 44. Kf2 Rf3+ 45. Ke1 Ng8 46. f5 exf5 47. exf5 Nf6 48. Rxc4 Rxf5 49. Nf4 Nxh5 50. Nxh5+ Rxh5 51. Rxg4+ Rg5 52. Ra4 Rxg3 53. Kf2 Rg5 54. Kf3 h5 55. Rb4 Rg4 56. Rb5 Kh6 57. Ra5 Rg1 58. Kf2 Rg5 59. Ra4 Rg4 60. Ra6+ Kg5 61. Ra5+ Kg6 62. Ra6+ Kg5 63. Ra5+ f5 64. Ra8 Rb4 65. Kf3 Rb3+ 66. Kg2 Kg4 67. Rg8+ Kf4 68. Rh8 Rg3+ 69. Kh2 Rg5 70. Kh3 Ke3 71. Ra8 Rg4 72. Ra3+ Kf4 73. Ra4+ Kg5 74. Ra8 Re4 75. Rg8+ Kf4 76. Rh8 Re1 77. Kg2 Re2+ 78. Kh3 Kf3 79. Rxh5 f4 80. Rf5 Ke4 81. Rf8 f3 82. Kg3 Rg2+ 83. Kh3 Ke3 84. Ra8 Rd2 85. Kg3 Rg2+ 86. Kh3 1/2-1/2

[Event "Maia op 6th"]
[Site "Maia"]
[Date "2022.08.30"]
[Round "6"]
[White "Panesar, Vedant"]
[Black "Short, Nigel D"]
[Result "1/2-1/2"]
[WhiteElo "2318"]
[BlackElo "2612"]
[PlyCount "212"]
[EventDate "2022.08.26"]
[EventType "swiss"]
[EventRounds "9"]
[EventCountry "POR"]
[SourceTitle "CBM 210 Extra"]
[Source "ChessBase"]
[SourceDate "2022.11.30"]
[SourceVersion "1"]
[SourceVersionDate "2022.11.30"]
[SourceQuality "1"]

1. d4 e6 2. c4 f5 3. g3 Nf6 4. Bg2 Be7 5. Nc3 d5 6. Nf3 c6 7. 0-0 0-0 8. Qc2 Qe8 9. Rb1 a5 10. a3 b5 11. cxb5 cxb5 12. Bf4 Bd7 13. Ne5 b4 14. Nxd7 Qxd7 15. Na4 Rc8 16. Qb3 Qa7 17. e3 Nbd7 18. Rfc1 Ne4 19. Qd3 g5 20. Be5 Nxe5 21. dxe5 Rc7 22. g4 Rac8 23. Rxc7 Qxc7 24. gxf5 Qxe5 25. Bxe4 dxe4 26. Qd7 Rc7 27. Qxe6+ Qxe6 28. fxe6 Rc6 29. axb4 axb4 30. Rd1 Rxe6 31. Rd5 Ra6 32. b3 Rc6 33. Kg2 Kf7 34. Re5 Rc1 35. Nb6 Rb1 36. Nd5 Bd6 37. Rxe4 Rxb3 38. h4 h6 39. hxg5 hxg5 40. Rg4 Rb2 41. Nxb4 Bxb4 42. Rxg5 Rc2 43. Rf5+ Ke6 44. Rf4 Bd2 45. Kf1 Ke5 46. Rh4 Ra2 47. Rg4 Kd5 48. Rd4+ Kc5 49. Rg4 Bc3 50. Re4 Kb5 51. Kg2 Rb2 52. Kg3 Be1 53. Rf4 Re2 54. Kg2 Ra2 55. Kg3 Bb4 56. Re4 Rc2 57. Rg4 Ka4 58. f4 Kb3 59. f5 Bc3 60. Kf3 Rc1 61. Ke4 Ra1 62. Rg6 Rf1 63. Rg4 Ra1 64. Rg6 Kb4 65. Rc6 Rf1 66. Rc8 Ba1 67. Rc7 Kb5 68. Rc8 Kb6 69. Rc4 Kb7 70. Rc2 Bf6 71. Rc4 Bg5 72. Rc3 Bh6 73. Rc2 Re1 74. Rc3 Bg7 75. Rc2 Bf6 76. Kf4 Rh1 77. Ke4 Rh8 78. Rc1 Re8+ 79. Kf4 Kb6 80. Rc2 Kb5 81. Kf3 Be5 82. Rc1 Bd6 83. Rc2 Bc5 84. e4 Bd4 85. Rc1 Be5 86. Rb1+ Kc6 87. Rc1+ Kd6 88. Rd1+ Ke7 89. Rb1 Ra8 90. Rb3 Kf6 91. Rb6+ Kg5 92. Rg6+ Kh5 93. Ke3 Ra3+ 94. Kd2 Bf4+ 95. Kc2 Re3 96. Re6 Bg5 97. Kb2 Kg4 98. Kc2 Rf3 99. Kb2 Kf4 100. Kc2 Bd8 101. Rd6 Bc7 102. Rd3 Rf1 103. Rd1 Rxd1 104. Kxd1 Be5 105. Ke2 Kxe4 106. f6 Bxf6 1/2-1/2

[Event "Maia op 6th"]
[Site "Maia"]
[Date "2022.08.27"]
[Round "3"]
[White "Short, Nigel D"]
[Black "Leenhouts, Koen"]
[Result "1-0"]
[WhiteElo "2612"]
[BlackElo "2442"]
[PlyCount "131"]
[EventDate "2022.08.26"]
[EventType "swiss"]
[EventRounds "9"]
[EventCountry "POR"]
[SourceTitle "CBM 210 Extra"]
[Source "ChessBase"]
[SourceDate "2022.11.30"]
[SourceVersion "1"]
[SourceVersionDate "2022.11.30"]
[SourceQuality "1"]

1. e4 c5 2. Nf3 e6 3. g3 Nc6 4. Bg2 Nf6 5. Qe2 e5 6. c3 Be7 7. 0-0 0-0 8. Na3 Re8 9. d3 h6 10. Nc4 d6 11. h3 Bf8 12. Nh2 Be6 13. Ng4 Nxg4 14. hxg4 d5 15. Ne3 Ne7 16. f4 d4 17. f5 Bd7 18. Nd5 Nxd5 19. exd5 Be7 20. Be4 Bg5 21. Kg2 a5 22. Rh1 Bxc1 23. Raxc1 Ra6 24. cxd4 cxd4 25. Qd2 Rd6 26. Rc2 Qg5 27. Qxg5 hxg5 28. Rc7 b6 29. Rhc1 Rd8 30. Rb7 Kf8 31. Rc6 Bxc6 32. dxc6 Rc8 33. Rxb6 Ke7 34. Rb5 Rdxc6 35. Bxc6 Rxc6 36. Rxe5+ Kf6 37. Rxa5 Rc2+ 38. Kf3 Rxb2 39. a4 Rd2 40. Ke4 Rg2 41. Ra6+ Ke7 42. Ke5 Rxg3 43. Ra7+ Kf8 44. a5 Rxd3 45. a6 Ra3 46. Kxd4 Ra1 47. Kc5 Kg8 48. Kb6 Rb1+ 49. Kc6 Rc1+ 50. Kb7 Rb1+ 51. Kc8 Ra1 52. Ra8 Kh7 53. Kb7 Rb1+ 54. Ka7 Rb4 55. Rf8 f6 56. Rd8 Rxg4 57. Kb6 Rb4+ 58. Ka5 Rb1 59. a7 Ra1+ 60. Kb6 g6 61. a8Q Rxa8 62. Rxa8 gxf5 63. Kc5 Kg6 64. Kd4 Kh5 65. Rf8 Kg4 66. Rxf6 1-0

[Event "WchT Seniors 50"]
[Site "Acqui Terme"]
[Date "2022.06.29"]
[Round "9.1"]
[White "Short, Nigel D"]
[Black "Plotkin, Victor"]
[Result "1-0"]
[WhiteElo "2617"]
[BlackElo "2252"]
[PlyCount "63"]
[EventDate "2022.06.20"]
[EventType "team-swiss"]
[EventRounds "9"]
[EventCountry "ITA"]
[SourceTitle "CBM 209 Extra"]
[Source "ChessBase"]
[SourceDate "2022.09.30"]
[SourceVersion "1"]
[SourceVersionDate "2022.09.30"]
[SourceQuality "1"]
[WhiteTeam "England 50"]
[BlackTeam "Canada 50"]
[WhiteTeamCountry "ENG"]
[BlackTeamCountry "CAN"]

1. Nf3 Nf6 2. d4 d5 3. c4 e6 4. Nc3 c6 5. g3 Nbd7 6. Bg2 Be7 7. 0-0 0-0 8. Qd3 b6 9. cxd5 cxd5 10. Bf4 Bb7 11. Nb5 Ne4 12. Rfc1 a6 13. Nc7 Ra7 14. h4 h6 15. Bh3 Bd6 16. Nxe6 fxe6 17. Bxe6+ Kh8 18. Bxd6 Nxd6 19. Bxd7 Rxf3 20. Qxf3 Qxd7 21. Rc2 Ra8 22. Rac1 Qe6 23. Qf4 Re8 24. Rc7 Ba8 25. Qe5 Qxe5 26. dxe5 Rxe5 27. Rd7 Re6 28. Rd8+ Kh7 29. Rxa8 Rxe2 30. h5 d4 31. Rd8 d3 32. Rxd6 1-0

[Event "WchT Seniors 50"]
[Site "Acqui Terme"]
[Date "2022.06.23"]
[Round "4.1"]
[White "Shabalov, Alexander"]
[Black "Short, Nigel D"]
[Result "1/2-1/2"]
[WhiteElo "2495"]
[BlackElo "2617"]
[PlyCount "140"]
[EventDate "2022.06.20"]
[EventType "team-swiss"]
[EventRounds "9"]
[EventCountry "ITA"]
[SourceTitle "CBM 209 Extra"]
[Source "ChessBase"]
[SourceDate "2022.09.30"]
[SourceVersion "1"]
[SourceVersionDate "2022.09.30"]
[SourceQuality "1"]
[WhiteTeam "United States 50"]
[BlackTeam "England 50"]
[WhiteTeamCountry "USA"]
[BlackTeamCountry "ENG"]

1. e4 e5 2. Nf3 Nc6 3. Bb5 a6 4. Ba4 Nf6 5. 0-0 Be7 6. Re1 b5 7. Bb3 d6 8. c3 0-0 9. h3 Na5 10. Bc2 c5 11. d4 Nd7 12. Nbd2 cxd4 13. cxd4 Nc6 14. Nb3 a5 15. Be3 a4 16. Nbd2 exd4 17. Nxd4 Nxd4 18. Bxd4 Ne5 19. Qe2 Nc6 20. Be3 Bf6 21. Qxb5 Bd7 22. Rac1 Rb8 23. Qe2 Bxb2 24. Rcd1 Ne5 25. f4 Bb5 26. Qf2 Nd3 27. Bxd3 Bxd3 28. e5 dxe5 29. Nc4 Bxc4 30. Rxd8 Rfxd8 31. Qc2 Bxa2 32. Qxa4 Bb3 33. Qa6 exf4 34. Bxf4 Bd4+ 35. Kh1 Ra8 36. Qb5 Be6 37. Rd1 h6 38. Be5 Bxe5 39. Rxd8+ Rxd8 40. Qxe5 Rc8 41. Qd4 Bf5 42. g4 Be6 43. Kh2 Rb8 44. Kg2 Rb3 45. Qe4 Ra3 46. Qe5 Rb3 47. Qe4 Rb5 48. Qa8+ Kh7 49. Qe4+ g6 50. Qa4 Rd5 51. Qb4 h5 52. gxh5 Rg5+ 53. Kf2 Rxh5 54. h4 Rf5+ 55. Kg3 Re5 56. Kf4 Rd5 57. Kg3 Rd3+ 58. Kg2 Rd8 59. Kg3 Rc8 60. Qd4 Rc4 61. Qf6 Rg4+ 62. Kf2 Rb4 63. Qg5 Rg4 64. Qf6 Kg8 65. Kf1 Rg3 66. Kf2 Rd3 67. h5 Rd5 68. hxg6 Rf5+ 69. Qxf5 Bxf5 70. gxf7+ Kxf7 1/2-1/2

[Event "Kimberley Moja"]
[Site "Kimberley"]
[Date "2022.03.20"]
[Round "2"]
[White "Short, Nigel D"]
[Black "Grover, Sahaj"]
[Result "1/2-1/2"]
[WhiteElo "2620"]
[BlackElo "2504"]
[PlyCount "102"]
[EventDate "2022.03.19"]
[EventType "tourn"]
[EventRounds "9"]
[EventCountry "RSA"]
[EventCategory "1"]
[SourceTitle "CBM 207 Extra"]
[Source "ChessBase"]
[SourceDate "2022.05.31"]
[SourceVersion "1"]
[SourceVersionDate "2022.05.31"]
[SourceQuality "1"]

1. e4 e6 2. d4 d5 3. Nc3 Bb4 4. e5 c5 5. a3 Bxc3+ 6. bxc3 Ne7 7. h4 Qc7 8. h5 b6 9. h6 gxh6 10. Nf3 Ba6 11. Bxa6 Nxa6 12. Bxh6 Rc8 13. Rc1 Nb8 14. Kf1 Nd7 15. g4 Rg8 16. Bg5 Nf8 17. Rh4 cxd4 18. cxd4 Qc3 19. Kg1 Rc4 20. Kh2 Rxg5 21. Nxg5 Rxd4 22. Qf3 Qd2 23. Qxf7+ Kd7 24. Nxh7 Nfg6 25. Rf1 Qe2 26. Nf6+ Kc6 27. Qxe6+ Kb7 28. Rh7 Qxf1 29. Rxe7+ Nxe7 30. Qxe7+ Ka6 31. Kg3 Rd2 32. Kh4 Qxf2+ 33. Kg5 Qe3+ 34. Kg6 Re2 35. Qd7 Qxe5 36. Qa4+ Kb7 37. Qd7+ Qc7 38. Qxd5+ Qc6 39. c4 Qxd5 40. cxd5 b5 41. g5 a5 42. Kf7 b4 43. axb4 axb4 44. g6 b3 45. g7 Rg2 46. Ne4 b2 47. Nc3 Kc7 48. g8Q Rxg8 49. Kxg8 Kd6 50. Kf7 b1Q 51. Nxb1 Kxd5 1/2-1/2

[Event "Cattolica Vergani Cup"]
[Site "Cattolica"]
[Date "2022.01.08"]
[Round "8"]
[White "Short, Nigel D"]
[Black "Salimova, Nurgyul"]
[Result "0-1"]
[WhiteElo "2633"]
[BlackElo "2353"]
[PlyCount "78"]
[EventDate "2022.01.02"]
[EventType "swiss"]
[EventRounds "9"]
[EventCountry "ITA"]
[SourceTitle "EXT 2023"]
[Source "ChessBase"]
[SourceDate "2022.10.05"]
[SourceVersion "1"]
[SourceVersionDate "2022.10.05"]
[SourceQuality "1"]

1. c4 Nf6 2. Nf3 g6 3. Nc3 Bg7 4. e4 e5 5. Nxe5 0-0 6. Be2 Re8 7. d4 d6 8. Nf3 Nxe4 9. 0-0 Nc6 10. h3 Nxc3 11. bxc3 Bf5 12. Be3 Qd7 13. Re1 Na5 14. Rc1 a6 15. Nd2 Rab8 16. a4 Be4 17. d5 Qd8 18. g4 c6 19. Nf1 cxd5 20. cxd5 Rc8 21. f3 Bxc3 22. fxe4 Bxe1 23. Rxc8 Qxc8 24. Qxe1 Nc4 25. Bxc4 Qxc4 26. Nd2 Qd3 27. Kh2 b5 28. axb5 axb5 29. Qf2 Rc8 30. Kg2 Rc3 31. Kf3 b4 32. Qe2 Qd4 33. Kf2 Qe5 34. Kg2 b3 35. Qf2 Rd3 36. Bh6 b2 37. Qb6 Rxd2+ 38. Bxd2 Qxe4+ 39. Kf2 Qc2 0-1

[Event "Cattolica Vergani Cup"]
[Site "Cattolica"]
[Date "2022.01.07"]
[Round "7"]
[White "Kotronias, Vasilios"]
[Black "Short, Nigel D"]
[Result "0-1"]
[WhiteElo "2485"]
[BlackElo "2633"]
[PlyCount "68"]
[EventDate "2022.01.02"]
[EventType "swiss"]
[EventRounds "9"]
[EventCountry "ITA"]
[SourceTitle "EXT 2023"]
[Source "ChessBase"]
[SourceDate "2022.10.05"]
[SourceVersion "1"]
[SourceVersionDate "2022.10.05"]
[SourceQuality "1"]

1. e4 e5 2. Nf3 Nc6 3. Bb5 Nf6 4. d3 d6 5. 0-0 Bd7 6. c3 g6 7. Re1 Bg7 8. Nbd2 0-0 9. Ba4 Re8 10. a3 a5 11. Bb3 h6 12. a4 Be6 13. Nc4 Nd7 14. d4 exd4 15. Nxd4 Nxd4 16. cxd4 d5 17. Ne3 dxe4 18. d5 Bf5 19. g4 Ne5 20. gxf5 Nf3+ 21. Kf1 Qg5 22. h4 Qxh4 23. Ke2 Nd4+ 24. Kd2 gxf5 25. Bc4 Qxf2+ 26. Re2 Qf3 27. Qg1 f4 28. Ng4 e3+ 29. Ke1 Qh3 30. Kd1 Nxe2 31. Bxe2 f3 32. Nf6+ Kh8 33. Nxe8 fxe2+ 34. Kxe2 Qh5+ 0-1

[Event "Sigeman & Co 26th"]
[Site "Malmo"]
[Date "2021.09.28"]
[Round "6"]
[White "Short, Nigel D"]
[Black "Keymer, Vincent"]
[Result "1/2-1/2"]
[WhiteElo "2626"]
[BlackElo "2607"]
[PlyCount "99"]
[EventDate "2021.09.23"]
[EventType "tourn"]
[EventRounds "7"]
[EventCountry "SWE"]
[EventCategory "16"]
[SourceTitle "CBM 204 Extra"]
[Source "ChessBase"]
[SourceDate "2021.11.30"]
[SourceVersion "1"]
[SourceVersionDate "2021.11.30"]
[SourceQuality "1"]

1. e4 c6 2. d4 d5 3. e5 Bf5 4. h4 h5 5. c4 e6 6. Nc3 dxc4 7. Bxc4 Nd7 8. Nge2 Be7 9. Ng3 Bg6 10. Nge4 Nh6 11. Bxh6 Rxh6 12. Qe2 Nb6 13. Rd1 Nxc4 14. Qxc4 Qb6 15. 0-0 Rd8 16. Rfe1 Qb4 17. Qxb4 Bxb4 18. a3 Be7 19. g3 Rh8 20. f3 Bf5 21. Kf2 f6 22. Ke3 Kf7 23. Rc1 Rd7 24. Nc5 Rc7 25. b4 Rd8 26. Red1 b6 27. N5e4 Rcd7 28. f4 a5 29. Na4 axb4 30. axb4 Ra8 31. Nxb6 Ra3+ 32. Rd3 Rda7 33. Nc4 Rxd3+ 34. Kxd3 Bxb4 35. Ke3 Kg6 36. Nc5 Ra2 37. Nd3 Be7 38. Nd2 Bd8 39. Rxc6 Ba5 40. Nc4 Rg2 41. Nc5 Bb4 42. Kf3 Rc2 43. Ne3 Rc3 44. Kf2 Bh3 45. Rc7 Ra3 46. Nd7 Rd3 47. Nc2 Be7 48. Nc5 Bxc5 49. Rxc5 Bg4 50. exf6 1/2-1/2

[Event "Prague m"]
[Site "Prague"]
[Date "2020.10.12"]
[Round "10"]
[White "Nguyen, Thai Dai Van"]
[Black "Short, Nigel D"]
[Result "1/2-1/2"]
[WhiteElo "2571"]
[BlackElo "2626"]
[PlyCount "117"]
[EventDate "2020.10.10"]
[EventType "match (rapid)"]
[EventRounds "10"]
[EventCountry "CZE"]
[SourceTitle "CBM 198 Extra"]
[Source "ChessBase"]
[SourceDate "2020.11.30"]
[SourceVersion "1"]
[SourceVersionDate "2020.11.30"]
[SourceQuality "1"]

1. Nf3 c5 2. c4 Nc6 3. Nc3 e6 4. g3 g5 5. h3 h6 6. d4 d6 7. Bg2 Bg7 8. dxc5 dxc5 9. Qxd8+ Kxd8 10. Be3 Nd4 11. Nxd4 cxd4 12. Bxd4 Bxd4 13. 0-0-0 Ke7 14. Rxd4 Nf6 15. Rhd1 Rb8 16. b3 a6 17. a4 a5 18. Kb2 Bd7 19. Ne4 Bc6 20. Nxf6 Bxg2 21. Ng4 Bc6 22. Ne5 Be8 23. c5 Rc8 24. c6 Bxc6 25. Nxc6+ bxc6 26. Rd7+ Kf6 27. R1d3 Kg6 28. Kc3 h5 29. e4 g4 30. h4 Rb8 31. Ra7 Rb4 32. f3 Rhb8 33. Kc2 c5 34. Rxa5 c4 35. Rc3 cxb3+ 36. Kb2 Rd8 37. Rb5 Rxa4 38. Kxb3 Rda8 39. Rg5+ Kf6 40. fxg4 Ra3+ 41. Kc2 Rxc3+ 42. Kxc3 Ra3+ 43. Kd2 Rxg3 44. e5+ Ke7 45. gxh5 Rh3 46. Rg4 Ra3 47. h6 Ra8 48. h7 Rh8 49. Rg7 Kf8 50. Rg8+ Rxg8 51. hxg8Q+ Kxg8 52. Ke3 Kg7 53. Kf4 Kg6 54. Kg4 f5+ 55. exf6 Kxf6 56. Kf4 Kg6 57. h5+ Kxh5 58. Ke5 Kh4 59. Kxe6 1/2-1/2

[Event "Prague m"]
[Site "Prague"]
[Date "2020.10.12"]
[Round "9"]
[White "Short, Nigel D"]
[Black "Nguyen, Thai Dai Van"]
[Result "1/2-1/2"]
[WhiteElo "2626"]
[BlackElo "2571"]
[PlyCount "83"]
[EventDate "2020.10.10"]
[EventType "match (rapid)"]
[EventRounds "10"]
[EventCountry "CZE"]
[SourceTitle "CBM 198 Extra"]
[Source "ChessBase"]
[SourceDate "2020.11.30"]
[SourceVersion "1"]
[SourceVersionDate "2020.11.30"]
[SourceQuality "1"]

1. d4 d5 2. c4 e6 3. Nc3 Nf6 4. Nf3 c5 5. cxd5 Nxd5 6. e4 Nxc3 7. bxc3 cxd4 8. cxd4 Bb4+ 9. Bd2 Bxd2+ 10. Qxd2 0-0 11. Rc1 b6 12. h4 Bb7 13. Bd3 Nd7 14. h5 h6 15. e5 Qe7 16. 0-0 Bxf3 17. gxf3 f6 18. Rc7 Qd8 19. Rc6 fxe5 20. Re1 Rf4 21. Bc4 Nc5 22. Rxe5 Qxd4 23. Qxd4 Rxd4 24. Bxe6+ Nxe6 25. Rexe6 Rad8 26. Kg2 R4d5 27. f4 Rf8 28. Kg3 Rxh5 29. Rc7 Rhf5 30. Rxa7 Rxf4 31. Ra3 Rxf2 32. Rxb6 Rc2 33. Ra7 Rc3+ 34. Kg4 Rc4+ 35. Kg3 Rd8 36. Rg6 Rd3+ 37. Kf2 Rc2+ 38. Ke1 Kf8 39. Rgxg7 Rh3 40. Rgf7+ Ke8 41. Kd1 Rxa2 42. Rfe7+ 1/2-1/2

[Event "Prague m"]
[Site "Prague"]
[Date "2020.10.10"]
[Round "1"]
[White "Short, Nigel D"]
[Black "Nguyen, Thai Dai Van"]
[Result "1/2-1/2"]
[WhiteElo "2626"]
[BlackElo "2571"]
[PlyCount "109"]
[EventDate "2020.10.10"]
[EventType "match (rapid)"]
[EventRounds "10"]
[EventCountry "CZE"]
[SourceTitle "CBM 198 Extra"]
[Source "ChessBase"]
[SourceDate "2020.11.30"]
[SourceVersion "1"]
[SourceVersionDate "2020.11.30"]
[SourceQuality "1"]

1. e4 e5 2. Nf3 Nc6 3. Bb5 Nf6 4. 0-0 Nxe4 5. d4 Nd6 6. Bxc6 dxc6 7. dxe5 Nf5 8. Qxd8+ Kxd8 9. Rd1+ Ke8 10. Nc3 Ne7 11. Bg5 h6 12. Bxe7 Bxe7 13. Nd4 Bd7 14. Rd3 Rd8 15. Rad1 Bg4 16. f3 Bc8 17. Kf2 a6 18. Ne4 f5 19. exf6 gxf6 20. c4 Kf7 21. b3 a5 22. a4 h5 23. h4 Rhg8 24. Ne2 Rxd3 25. Rxd3 Bf5 26. Nf4 Bxe4 27. fxe4 Rg4 28. Nxh5 Rxh4 29. Ng3 Bd6 30. Nf5 Rxe4 31. Rxd6 Rf4+ 32. Kg3 Rxf5 33. Rd7+ Ke6 34. Rxc7 Kd6 35. Rxb7 Kc5 36. Kh4 Rf2 37. g4 Rf1 38. Kh5 Rf4 39. Rb8 Rf3 40. Rb7 Rf4 41. Rb8 Rf3 42. Rf8 Rxb3 43. Rxf6 Rh3+ 44. Kg6 Kxc4 45. Rxc6+ Kb4 46. Rb6+ Kxa4 47. g5 Rg3 48. Kf6 Ka3 49. g6 a4 50. g7 Ka2 51. Kf7 Rxg7+ 52. Kxg7 a3 53. Kf6 Ka1 54. Ke5 a2 55. Ke4 1/2-1/2